000 00893nam a22002297a 4500
008 160321b xxu||||| |||| 00| 0 eng d
020 _a9781441156884
082 _22010
_aDC 510.785
_bOl19
100 _94064
_aOldknow, Adrian.
245 _aTeaching mathematics using ICT/
_cAdrian Oldknow, Ron Taylor and Linda Tetlow.
250 _aThird Edition
260 _aLondon:
_bContinuum,
_c©2010.
300 _axv, 311 pages:
_billustrations;
_c24 cm.
500 _aIncludes bibliographical references, appendix and index.
650 0 _94065
_aMathematics
_zGreat Britain
_xComputer-assisted instruction
650 0 _94067
_aComputer-assisted instruction
_zGreat Britain
650 0 _94066
_aMathematics
_vStudy and teaching (Secondary)
_zGreat Britain
700 _94068
_aTaylor, Ron
_eCo-author
700 _94069
_aTetlow, Linda
_eCo-author
365 _b2, 989.00
_cPhp
942 _2ddc
_cDC
999 _c1360
_d1360